Представление документа в формате RUSMARC

ПолеНазваниеЗначение
  Тип записи a
  Библиографический уровень m
001 Контрольный номер RU/IS/BASE/542798129
005 Дата корректировки 20240528142320.0
010 Индекс ISBN __
a ISBN
b Уточнения в пер.
d Цена 1 р. 30 к.
9 Тираж экз.
100 Данные общей обработки __
a Данные общей обработки 20170314d2017 ||| 0rusy0189 ca
101 Язык документа 0_
a Язык текста rus
102 Страна публикации __
a Страна публикации RU
105 Кодированные данные (монография) __
a Кодированные данные (монография) y###||||000|y
200 Заглавие и сведения об ответственности 1_
a Заглавие Три войны Бенито Хуареса
b Общее обозначение материала Текст
e Сведения, относящиеся к заглавию повесть о выдающемся мексиканском революционере
f Первые сведения об ответственности Я. А. Гордин
210 Выходные данные 1_
a Место издания Москва
c Издательство Политиздат
d Дата издания 1984
215 Физическое описание __
a Объем 366 с.
c Иллюстрации/тип воспроизводства ил.
d Формат см.
225 Серия 0_
a Серия Пламенные революционеры
300 Общие примечания __
a Общие примечания Ограничения по возрасту - 16+
300 Общие примечания __
a Общие примечания Под инв. номером 8532: Цс-3
600 Персоналии _0
a Персоналии (Фамилия) Хуарес
b Персоналии (Имя, инициалы) Б.
610 Ключевые слова 0_
a Ключевые слова революционеры
a Ключевые слова история Мексики
a Ключевые слова биографии
686 Индексы других классификаций __
a Классификационный индекс 63.3(7Мек)
2 Код системы ББК
700 Автор _0
a Фамилия Гордин
b Имя (инициалы) Яков Аркадьевич
g Полное личное имя Я. А.
801 Источник записи _0
a Страна RU
b Организация МБУК ЦБС
c Дата составления 20170314
g Правила каталогизации RCR
801 Источник записи _1
a Страна RU
b Организация МБУК ЦБС г. Ульяновска
c Дата составления 20170314
g Правила каталогизации RCR
899 Данные о местонахождении __
i Авторский знак Г 68
j Расстановочный фильтр 63.3(7)
901 Тип документа __
t Тип документа m
910 Корректоры записи __
a Корректор записи Скрипина